000 00712cab a2200253 4500
001 ABS54342
008 090401t1996 xxu||||| |||| 00| 0 eng d
035 _a(Sirsi) u9899
041 _aeng
100 _aGraham, S.
245 _aCompany politics
260 _c1996
350 _a0
490 _aHA Weekly
_v(443) 12 January 1996, 16-17(2)
520 _aExamines the differences between local housing companies and large scale voluntary transfers including accountability.
650 _aHOUSING STOCK
650 _aLARGE SCALE VOLUNTARY TRANSFERS
650 _aLOCAL HOUSING COMPANIES
650 _aPRIVATISATION
650 _aTRANSFER
690 _aHOUSING
942 _n0
948 _c04/03/1997
999 _c6226
_d6226